Análisis de los viajes propósito estudio: informe ejecutivo

Gespeichert in:
Bibliographische Detailangaben
Körperschaft: Consultores en Economía y Desarrollo S.A (VerfasserIn)
Format: Buch
Sprache:Spanisch
Veröffentlicht: s.l s.n 2000
Schlagworte:
Tags: Tag hinzufügen
Keine Tags, Fügen Sie den ersten Tag hinzu!

MARC

LEADER 00000nam a2200000 a 4500
001 UCL2801
003 CL-VaPUC
008 031107e20000000sl |||||||||||||||||spa|d
082 0 4 |a 388.3  |b CON  |2 21 
110 2 |a Consultores en Economía y Desarrollo S.A  |e author  |9 479920 
245 1 0 |a Análisis de los viajes propósito estudio: informe ejecutivo 
300 |a 34 h 
942 |c BK 
945 |d 20031107 00:00:00  |a cmena 
260 |a s.l  |b s.n  |c 2000 
650 7 |a TRANSPORTE TERRESTRE  |2 CL-VaPUC  |9 479921 
650 7 |a MEDIO DE TRANSPORTE  |2 CL-VaPUC  |9 479922 
650 0 |a Viajes de estudio  |9 260810 
650 0 |a Tráfico  |9 263653 
650 0 |a Transporte urbano  |9 260307 
583 |a last modification  |c 20180109 11:37:01  |k Rodrigo Vera 
999 |c 305988  |d 305986